[Event "Wch U18"]
[Site "Montesilvano"]
[Date "2023.11.23"]
[Round "10"]
[White "Jovanovski, Teodor"]
[Black "Elmi, Saad Abobaker"]
[Result "0-1"]
[WhiteElo "2140"]
[BlackElo "2321"]
[PlyCount "100"]
[EventDate "2023.11.13"]
[EventType "swiss"]
[EventRounds "11"]
[EventCountry "ITA"]
[SourceTitle "CB48_2023"]
[SourceDate "2023.11.29"]
[SourceVersion "1"]
[SourceVersionDate "2023.11.29"]
[SourceQuality "1"]

1. d4 d5 2. c4 dxc4 3. Nf3 Nf6 4. e3 Bg4 5. Bxc4 e6 6. h3 Bh5 7. 0-0 Nbd7 8. Be2 Bd6 9. b3 0-0 10. Bb2 Qe7 11. Nbd2 Bg6 12. Nc4 a5 13. Rc1 Rfc8 14. Ne1 Ne4 15. Nd3 h6 16. a3 Bh7 17. Bf3 Nb6 18. Nxb6 cxb6 19. a4 Rxc1 20. Nxc1 Rc8 21. d5 e5 22. Bxe4 Bxe4 23. f3 Bc2 24. Qe1 Qg5 25. Kh1 e4 26. f4 Qg6 27. Bc3 Bd3 28. Nxd3 exd3 29. e4 Bb4 30. Bxb4 axb4 31. f5 Qg5 32. d6 Rc2 33. Rg1 Rc3 34. Qf2 d2 35. Qd4 Qe3 36. Qxe3 Rxe3 37. d7 Rd3 38. Rd1 Kf8 39. Kg1 Ke7 40. Kf2 Kxd7 41. Ke2 Rxb3 42. Rxd2+ Kc6 43. e5 Rc3 44. g4 b3 45. Kd1 Rxh3 46. e6 Rh1+ 47. Ke2 Rh2+ 48. Ke3 Rxd2 49. Kxd2 fxe6 50. fxe6 g6 0-1

[Event "Wch U18"]
[Site "Montesilvano"]
[Date "2023.11.13"]
[Round "1"]
[White "Davtyan, Arsen"]
[Black "Jovanovski, Teodor"]
[Result "1-0"]
[WhiteElo "2406"]
[BlackElo "2140"]
[PlyCount "49"]
[EventDate "2023.11.13"]
[EventType "swiss"]
[EventRounds "11"]
[EventCountry "ITA"]
[SourceTitle "CB48_2023"]
[SourceDate "2023.11.29"]
[SourceVersion "1"]
[SourceVersionDate "2023.11.29"]
[SourceQuality "1"]

1. c4 Nf6 2. g3 e6 3. Bg2 d5 4. Nf3 Be7 5. 0-0 0-0 6. d4 c6 7. Qc2 b6 8. b3 Nbd7 9. Bb2 Bb7 10. Rd1 Rc8 11. Nc3 c5 12. dxc5 Rxc5 13. Nd4 Re8 14. Qd2 Ba8 15. cxd5 exd5 16. Nf5 Bf8 17. b4 Rc8 18. Nxd5 Nxd5 19. Bxd5 Ne5 20. Bxe5 Rxe5 21. Bxf7+ Kxf7 22. Qxd8 Rxd8 23. Rxd8 Bc6 24. Rc1 Bb5 25. Rc7+ 1-0

[Event "FRM-ch U18"]
[Site "Struga"]
[Date "2023.06.22"]
[Round "6"]
[White "Jovanovski, Teodor"]
[Black "Petreski, Leonid"]
[Result "1/2-1/2"]
[WhiteElo "1923"]
[BlackElo "2097"]
[PlyCount "79"]
[EventDate "2023.06.17"]
[EventType "swiss"]
[EventRounds "6"]
[EventCountry "MKD"]
[SourceTitle "EXT 2024"]
[Source "ChessBase"]
[SourceDate "2023.10.10"]
[SourceVersion "1"]
[SourceVersionDate "2023.10.10"]
[SourceQuality "1"]

1. d4 Nf6 2. c4 e6 3. Nc3 Bb4 4. e3 0-0 5. a3 Bxc3+ 6. bxc3 c5 7. Bd3 d5 8. cxd5 exd5 9. Ne2 b6 10. 0-0 Ba6 11. f3 Re8 12. Ng3 Bxd3 13. Qxd3 Nc6 14. Bb2 Na5 15. Rae1 Rc8 16. e4 Re6 17. e5 Ne8 18. f4 cxd4 19. f5 Rec6 20. cxd4 f6 21. Bc1 Rc4 22. Nh5 Qd7 23. Qg3 Qf7 24. Nxf6+ Nxf6 25. exf6 Qxf6 26. Kh1 h6 27. Bf4 Qxd4 28. Re5 Rc3 29. Qg4 Rc1 30. Ree1 Rxe1 31. Rxe1 Rf8 32. h4 Nc4 33. Re6 h5 34. Qg3 Qd1+ 35. Kh2 Qg4 36. Rg6 Qxg3+ 37. Kxg3 Rxf5 38. Rc6 Rf6 39. Rc7 Rf7 40. Rc8+ 1/2-1/2

[Event "FRM-ch U18"]
[Site "Struga"]
[Date "2023.06.21"]
[Round "5"]
[White "Jovanovski, Teodor"]
[Black "Velkoski, Stojan"]
[Result "1-0"]
[WhiteElo "1923"]
[BlackElo "1936"]
[PlyCount "55"]
[EventDate "2023.06.17"]
[EventType "swiss"]
[EventRounds "6"]
[EventCountry "MKD"]
[SourceTitle "EXT 2024"]
[Source "ChessBase"]
[SourceDate "2023.10.10"]
[SourceVersion "1"]
[SourceVersionDate "2023.10.10"]
[SourceQuality "1"]

1. d4 e6 2. c4 Nf6 3. Nc3 Bb4 4. e3 0-0 5. Bd2 d5 6. Nf3 Re8 7. Rc1 Nbd7 8. cxd5 exd5 9. Bd3 c6 10. 0-0 Bd6 11. Qc2 Qe7 12. e4 dxe4 13. Nxe4 Nxe4 14. Bxe4 Nf6 15. Bd3 Bg4 16. Rce1 Qc7 17. Ne5 Bh5 18. f4 c5 19. h3 cxd4 20. Qxc7 Bxc7 21. Nc4 Rxe1 22. Rxe1 Bg6 23. f5 Bg3 24. Rf1 Bh5 25. Be1 Bxe1 26. Rxe1 Nd5 27. g4 Nf4 28. Bf1 1-0

[Event "FRM-ch op"]
[Site "Skopje"]
[Date "2023.05.06"]
[Round "3"]
[White "Bojkovski, Matej"]
[Black "Jovanovski, Teodor"]
[Result "0-1"]
[WhiteElo "1483"]
[BlackElo "1859"]
[PlyCount "66"]
[EventDate "2023.05.04"]
[EventType "swiss"]
[EventRounds "9"]
[EventCountry "MKD"]
[SourceTitle "CBM 214 Extra"]
[Source "ChessBase"]
[SourceDate "2023.07.31"]
[SourceVersion "1"]
[SourceVersionDate "2023.07.31"]
[SourceQuality "1"]

1. Nf3 Nf6 2. d4 e6 3. Bf4 b6 4. e3 Bb7 5. Bd3 Be7 6. Nbd2 Nh5 7. Bg3 d6 8. e4 Nd7 9. 0-0 c5 10. c3 0-0 11. Qc2 g6 12. Rad1 Rc8 13. Qb1 f5 14. exf5 exf5 15. Rfe1 f4 16. Rxe7 Qxe7 17. Bh4 Ndf6 18. Bc4+ d5 19. Bd3 Rce8 20. Ne5 Qg7 21. f3 c4 22. Bc2 b5 23. Kh1 a5 24. g4 fxg3 25. hxg3 g5 26. g4 Nf4 27. Bg3 Nd7 28. Nxd7 Qxd7 29. Bf5 Qg7 30. Bxf4 gxf4 31. Re1 Qh6+ 32. Kg2 Qh4 33. Nf1 Rxe1 0-1

[Event "FRM-ch op"]
[Site "Skopje"]
[Date "2023.05.05"]
[Round "2"]
[White "Jovanovski, Teodor"]
[Black "Lazov, Toni"]
[Result "0-1"]
[WhiteElo "1859"]
[BlackElo "2356"]
[PlyCount "52"]
[EventDate "2023.05.04"]
[EventType "swiss"]
[EventRounds "9"]
[EventCountry "MKD"]
[SourceTitle "CBM 214 Extra"]
[Source "ChessBase"]
[SourceDate "2023.07.31"]
[SourceVersion "1"]
[SourceVersionDate "2023.07.31"]
[SourceQuality "1"]

1. d4 g6 2. c4 d6 3. e4 Nd7 4. Nc3 Bg7 5. Nf3 e5 6. Be2 Ngf6 7. 0-0 0-0 8. d5 Nc5 9. Qc2 a5 10. Bg5 h6 11. Be3 Ne8 12. Nd2 f5 13. exf5 gxf5 14. f3 Nf6 15. a3 Nh5 16. b4 Na6 17. Rab1 Nf4 18. Bxf4 exf4 19. Bd3 Bd7 20. Ne2 axb4 21. axb4 Qe7 22. Rfe1 Ba4 23. Qxa4 Qe3+ 24. Kh1 Nc5 25. Qd1 Nxd3 26. Rf1 Ra2 0-1

[Event "Skopje op"]
[Site "Skopje"]
[Date "2022.10.27"]
[Round "9"]
[White "Jovanovski, Teodor"]
[Black "Kralevski, Aleksander"]
[Result "1-0"]
[WhiteElo "1846"]
[BlackElo "2089"]
[PlyCount "91"]
[EventDate "2022.10.21"]
[EventType "swiss"]
[EventRounds "9"]
[EventCountry "MKD"]
[SourceTitle "EXT 2024"]
[Source "ChessBase"]
[SourceDate "2023.10.10"]
[SourceVersion "1"]
[SourceVersionDate "2023.10.10"]
[SourceQuality "1"]

1. d4 d5 2. c4 c6 3. Nf3 Nf6 4. Qc2 dxc4 5. e4 b5 6. b3 cxb3 7. axb3 Bb7 8. Bd2 a6 9. Bd3 e6 10. 0-0 Nbd7 11. Bc3 Be7 12. Re1 h6 13. Nbd2 0-0 14. b4 a5 15. bxa5 b4 16. Bb2 Rxa5 17. Rac1 Ra8 18. Nc4 c5 19. Qe2 cxd4 20. e5 Ne8 21. Nxd4 Nc5 22. Bb1 Bd5 23. g3 Rc8 24. h4 f5 25. exf6 Nxf6 26. Ne3 Ba8 27. Ba2 Qb6 28. Nef5 Rf7 29. Bxe6 Rc7 30. Nxe7+ Kf8 31. Ng6+ Kg8 32. Bxf7+ Kxf7 33. Ne5+ Kg8 34. Nf5 Qb7 35. f3 Qc8 36. Rxc5 Kh7 37. Rxc7 Qxc7 38. Rc1 Qb6+ 39. Qf2 Qe6 40. Qc2 Qa6 41. Nd4+ Ne4 42. fxe4 Bb7 43. Nef3 Qg6 44. Nf5 Qg4 45. Nh2 Qg6 46. Qc7 1-0

[Event "Skopje op"]
[Site "Skopje"]
[Date "2022.10.24"]
[Round "6"]
[White "Glavinac, Goran"]
[Black "Jovanovski, Teodor"]
[Result "1-0"]
[WhiteElo "2086"]
[BlackElo "1846"]
[PlyCount "67"]
[EventDate "2022.10.21"]
[EventType "swiss"]
[EventRounds "9"]
[EventCountry "MKD"]
[SourceTitle "EXT 2024"]
[Source "ChessBase"]
[SourceDate "2023.10.10"]
[SourceVersion "1"]
[SourceVersionDate "2023.10.10"]
[SourceQuality "1"]

1. d4 d5 2. Nf3 c6 3. g3 Nf6 4. Bg2 Bf5 5. Nbd2 h6 6. b3 e6 7. Bb2 a5 8. a3 Nbd7 9. 0-0 Be7 10. c4 h5 11. Re1 Ne4 12. Nxe4 Bxe4 13. Nd2 Bxg2 14. Kxg2 f5 15. e4 fxe4 16. f3 exf3+ 17. Nxf3 Nf8 18. Qd3 Bf6 19. a4 Qd7 20. Re2 g5 21. Rae1 0-0-0 22. c5 g4 23. Ne5 Bxe5 24. Rxe5 h4 25. Bc1 hxg3 26. hxg3 Qg7 27. Rg5 Qh6 28. Rxg4 Qh3+ 29. Kf3 Nd7 30. Bf4 Nf6 31. Rg7 Rdf8 32. Qg6 Ne4 33. Ke3 Qg2 34. Qxe6+ 1-0

[Event "Skopje op"]
[Site "Skopje"]
[Date "2022.10.24"]
[Round "5"]
[White "Jovanovski, Teodor"]
[Black "Zhezhovska, Monika"]
[Result "1-0"]
[WhiteElo "1846"]
[BlackElo "1592"]
[PlyCount "83"]
[EventDate "2022.10.21"]
[EventType "swiss"]
[EventRounds "9"]
[EventCountry "MKD"]
[SourceTitle "EXT 2024"]
[Source "ChessBase"]
[SourceDate "2023.10.10"]
[SourceVersion "1"]
[SourceVersionDate "2023.10.10"]
[SourceQuality "1"]

1. d4 d5 2. c4 e6 3. Nc3 Be7 4. cxd5 exd5 5. Bf4 c6 6. e3 Bf5 7. g4 Bg6 8. h4 h6 9. h5 Bh7 10. Bd3 Bxd3 11. Qxd3 Nf6 12. f3 Na6 13. Nge2 Qd7 14. Ng3 Nc7 15. Nf5 Ne6 16. Be5 c5 17. dxc5 Nxc5 18. Qe2 Ne6 19. 0-0-0 0-0 20. Nxd5 Nxd5 21. Rxd5 Qc6+ 22. Kb1 Bc5 23. Rhd1 Rfe8 24. Qh2 Bf8 25. e4 Ng5 26. Qg2 f6 27. Bc3 Ne6 28. Qd2 Rad8 29. f4 Qc7 30. e5 fxe5 31. Bxe5 Qc8 32. Nd6 Bxd6 33. Bxd6 Qc4 34. g5 Qe4+ 35. Ka1 hxg5 36. fxg5 Qh4 37. h6 gxh6 38. gxh6 Kh7 39. Qc2+ Kxh6 40. Qc1+ Kg7 41. Rg1+ Kf7 42. Rf5+ 1-0

[Event "EU-chT U18"]
[Site "Thessaloniki"]
[Date "2022.07.15"]
[Round "4.9"]
[White "Skodras, Marios Konstantinos"]
[Black "Jovanovski, Teodor"]
[Result "1-0"]
[WhiteElo "1446"]
[BlackElo "1944"]
[PlyCount "113"]
[EventDate "2022.07.12"]
[EventType "team-swiss"]
[EventRounds "7"]
[EventCountry "GRE"]
[SourceTitle "CBM 209 Extra"]
[Source "ChessBase"]
[SourceDate "2022.09.30"]
[SourceVersion "1"]
[SourceVersionDate "2022.09.30"]
[SourceQuality "1"]
[WhiteTeam "Greece Esth U18"]
[BlackTeam "Macedonia U18"]
[WhiteTeamCountry "GRE"]
[BlackTeamCountry "MKD"]

1. e4 e6 2. d4 d5 3. exd5 exd5 4. Bd3 Nc6 5. c3 Bd6 6. Nf3 Nge7 7. 0-0 Bg4 8. h3 Bh5 9. Bg5 Qd7 10. Nbd2 f6 11. Bh4 0-0-0 12. Bg3 g5 13. Bxd6 Qxd6 14. Qc2 Kb8 15. Nh2 Bg6 16. Rae1 Rdg8 17. Re3 h5 18. Rfe1 Bf7 19. Bf5 Rg7 20. b4 Nxf5 21. Qxf5 Nd8 22. Qf3 Bg6 23. Qg3 Qf8 24. Qf3 Qd6 25. Qg3 Qxg3 26. fxg3 Kc8 27. g4 h4 28. Rf3 Rf8 29. Nhf1 Kd7 30. Ne3 Kd6 31. c4 c6 32. cxd5 cxd5 33. Rf5 Nc6 34. Rxd5+ Kc7 35. a3 Rd8 36. b5 Nxd4 37. Rc1+ Bc2 38. Rxd4 Rxd4 39. Rxc2+ Kb6 40. Nf5 Rgd7 41. Nxd4 Rxd4 42. Rb2 Rd3 43. a4 Ka5 44. Nb3+ Kb6 45. a5+ Kc7 46. Rc2+ Kd6 47. Nc5 Rd1+ 48. Kf2 b6 49. axb6 axb6 50. Ne4+ Ke5 51. Re2 Kf4 52. Nxf6 Rf1+ 53. Kxf1 Kg3 54. Nh5+ Kh2 55. g3+ Kh1 56. Rg2 hxg3 57. Nxg3# 1-0

[Event "Novi Sad Serbia op-B"]
[Site "Novi Sad"]
[Date "2022.07.02"]
[Round "5"]
[White "Jovanovski, Teodor"]
[Black "Brajic, Miloje"]
[Result "0-1"]
[WhiteElo "1950"]
[BlackElo "2014"]
[PlyCount "64"]
[EventDate "2022.06.28"]
[EventType "swiss"]
[EventRounds "9"]
[EventCountry "SRB"]
[SourceTitle "EXT 2023"]
[Source "ChessBase"]
[SourceDate "2022.10.05"]
[SourceVersion "1"]
[SourceVersionDate "2022.10.05"]
[SourceQuality "1"]

1. d4 d5 2. c4 c6 3. cxd5 cxd5 4. Nc3 Nc6 5. e4 e6 6. e5 Nge7 7. a3 Nf5 8. Nf3 Be7 9. b4 Bd7 10. Bb2 Rc8 11. Be2 0-0 12. 0-0 f6 13. Na4 b6 14. Nc3 Be8 15. h3 fxe5 16. dxe5 Nh4 17. Nd4 Nxd4 18. Qxd4 Nf5 19. Qd1 Bg5 20. Ba6 Rc7 21. Nb5 Bxb5 22. Bxb5 Bf4 23. Bd3 Qg5 24. Qg4 Qh6 25. g3 Bxg3 26. Bxf5 Rxf5 27. fxg3 Qe3+ 28. Kh1 Rc4 29. Rf4 h5 30. Qg6 Rcxf4 31. gxf4 Qxh3+ 32. Kg1 Rxf4 0-1

[Event "Novi Sad Serbia op-B"]
[Site "Novi Sad"]
[Date "2022.07.01"]
[Round "4"]
[White "Kilic, Efe Mert"]
[Black "Jovanovski, Teodor"]
[Result "1-0"]
[WhiteElo "2194"]
[BlackElo "1950"]
[PlyCount "117"]
[EventDate "2022.06.28"]
[EventType "swiss"]
[EventRounds "9"]
[EventCountry "SRB"]
[SourceTitle "EXT 2023"]
[Source "ChessBase"]
[SourceDate "2022.10.05"]
[SourceVersion "1"]
[SourceVersionDate "2022.10.05"]
[SourceQuality "1"]

1. e4 e6 2. d4 d5 3. e5 c5 4. c3 Nc6 5. Nf3 Qb6 6. Bd3 cxd4 7. 0-0 Bd7 8. Re1 a6 9. a3 Nge7 10. h4 Rc8 11. b4 dxc3 12. Nxc3 Nd4 13. Bb2 Nec6 14. Na4 Nxf3+ 15. Qxf3 Qd8 16. h5 g6 17. Qh3 Bh6 18. Nc5 Rc7 19. f4 Ne7 20. Rf1 Bc6 21. Nb3 d4 22. Nxd4 Bd5 23. Rad1 Rd7 24. Be2 Nf5 25. Nxf5 gxf5 26. Bf3 Rg8 27. Bc1 Qb6+ 28. Kh2 Bxf3 29. Qxf3 Qc6 30. Qxc6 bxc6 31. Be3 Rd5 32. Rxd5 cxd5 33. a4 Kd7 34. b5 axb5 35. axb5 Rb8 36. b6 Rb7 37. Ra1 Kc8 38. Kg3 Bf8 39. Kf3 Be7 40. g4 fxg4+ 41. Kxg4 Bd8 42. h6 f5+ 43. Kh5 Kb8 44. Bd4 Bxb6 45. Bxb6 Rxb6 46. Kg5 Kb7 47. Kf6 d4 48. Rd1 Rb4 49. Kxe6 Kc6 50. Rc1+ Kb5 51. Kxf5 d3 52. Rd1 Kc4 53. e6 Kc3 54. e7 Rb8 55. Ke6 Kc2 56. Rh1 d2 57. Kf7 Rb1 58. Rh2 Rb7 59. Kf8 1-0

[Event "Paracin op 01"]
[Site "Paracin"]
[Date "2022.01.18"]
[Round "3"]
[White "Jovanovski, Teodor"]
[Black "Zlatkov, Anton"]
[Result "0-1"]
[WhiteElo "1740"]
[BlackElo "2014"]
[PlyCount "70"]
[EventDate "2022.01.17"]
[EventType "swiss"]
[EventRounds "9"]
[EventCountry "SRB"]
[SourceTitle "CBM 206 Extra"]
[Source "ChessBase"]
[SourceDate "2022.03.31"]
[SourceVersion "1"]
[SourceVersionDate "2022.03.31"]
[SourceQuality "1"]

1. d4 Nf6 2. c4 e6 3. Nc3 Bb4 4. f3 c5 5. d5 0-0 6. e4 b5 7. e5 Ne8 8. f4 Bb7 9. Nf3 bxc4 10. Bxc4 exd5 11. Bxd5 Bxd5 12. Qxd5 Nc7 13. Qd3 d5 14. Ng5 g6 15. Qh3 h5 16. 0-0 Nc6 17. g4 Qd7 18. e6 Nxe6 19. gxh5 Ncd4 20. Nh7 Kg7 21. Nxf8 Rxf8 22. h6+ Kh7 23. f5 gxf5 24. Kh1 Rg8 25. Qh5 Rg6 26. Bd2 Qb7 27. Rad1 Ba5 28. Ne2 Bxd2 29. Rxd2 Rxh6 30. Rxf5 Rxh5 31. Rxh5+ Kg6 32. Ng3 f5 33. Rh8 f4 34. Nf1 f3 35. Ne3 Qb4 0-1

[Event "Struga Youth op-A 2nd"]
[Site "Struga"]
[Date "2021.09.12"]
[Round "7"]
[White "Velkoski, Stojan"]
[Black "Jovanovski, Teodor"]
[Result "1/2-1/2"]
[WhiteElo "1825"]
[BlackElo "1681"]
[PlyCount "91"]
[EventDate "2021.09.08"]
[EventType "swiss"]
[EventRounds "7"]
[EventCountry "MKD"]
[SourceTitle "CBM 204 Extra"]
[Source "ChessBase"]
[SourceDate "2021.11.30"]
[SourceVersion "1"]
[SourceVersionDate "2021.11.30"]
[SourceQuality "1"]

1. e4 e6 2. d4 d5 3. Nc3 Bb4 4. exd5 exd5 5. Bd3 Nf6 6. Bg5 0-0 7. Nge2 c6 8. a3 Bd6 9. Qd2 Nbd7 10. Bf4 Qc7 11. Bxd6 Qxd6 12. 0-0 Re8 13. Ng3 Nf8 14. Rfe1 Bg4 15. h3 Bd7 16. Nce2 Ng6 17. f3 Re7 18. Kf2 Rae8 19. Rad1 b6 20. Bxg6 fxg6 21. Nc1 Bc8 22. Nd3 Nd7 23. f4 Ba6 24. Ne5 Nxe5 25. fxe5 Qc7 26. Re3 Kh8 27. Rde1 Rf7+ 28. Kg1 Ref8 29. e6 Re7 30. Re5 Rf6 31. h4 Qd6 32. Qe3 Bc8 33. h5 Rexe6 34. Qg5 Rxe5 35. dxe5 Qe6 36. hxg6 hxg6 37. Nf1 Kg8 38. Nh2 Rf7 39. Nf3 c5 40. Qd8+ Rf8 41. Qg5 Qf5 42. Qe7 Qf7 43. Qh4 Qf4 44. Qe7 Qf7 45. Qh4 Qf4 46. Qe7 1/2-1/2

[Event "Struga Youth op-A 2nd"]
[Site "Struga"]
[Date "2021.09.10"]
[Round "4"]
[White "Tabakovski, Dino"]
[Black "Jovanovski, Teodor"]
[Result "0-1"]
[WhiteElo "1395"]
[BlackElo "1681"]
[PlyCount "68"]
[EventDate "2021.09.08"]
[EventType "swiss"]
[EventRounds "7"]
[EventCountry "MKD"]
[SourceTitle "CBM 204 Extra"]
[Source "ChessBase"]
[SourceDate "2021.11.30"]
[SourceVersion "1"]
[SourceVersionDate "2021.11.30"]
[SourceQuality "1"]

1. d4 e6 2. c4 Nf6 3. Nc3 Bb4 4. e3 0-0 5. Nge2 Re8 6. a3 Bf8 7. g3 d5 8. c5 e5 9. dxe5 Rxe5 10. b4 Bg4 11. Bg2 c6 12. h3 Bf5 13. Nd4 Bg6 14. f4 Ne4 15. Nxe4 Bxe4 16. fxe5 Bxg2 17. Rh2 Be4 18. Qg4 Kh8 19. Rf2 Nd7 20. Nf3 Bxf3 21. Qxf3 Nxe5 22. Qe2 Qg5 23. Rg2 Re8 24. h4 Qh6 25. e4 Qe6 26. Bf4 Qh3 27. Kf1 Ng4 28. e5 Re6 29. Re1 f6 30. Qd3 fxe5 31. Kg1 e4 32. Qd4 Be7 33. Rf1 Bf6 34. Bg5 Bxd4+ 0-1

[Event "Struga Youth op-A 2nd"]
[Site "Struga"]
[Date "2021.09.09"]
[Round "3"]
[White "Jovanovski, Teodor"]
[Black "Kote, Aleks"]
[Result "1-0"]
[WhiteElo "1681"]
[BlackElo "1307"]
[PlyCount "77"]
[EventDate "2021.09.08"]
[EventType "swiss"]
[EventRounds "7"]
[EventCountry "MKD"]
[SourceTitle "CBM 204 Extra"]
[Source "ChessBase"]
[SourceDate "2021.11.30"]
[SourceVersion "1"]
[SourceVersionDate "2021.11.30"]
[SourceQuality "1"]

1. d4 Nf6 2. c4 g6 3. Nc3 Bg7 4. e4 d6 5. h3 0-0 6. Nf3 Nbd7 7. Bg5 e5 8. d5 Qe8 9. g4 Nc5 10. Nd2 a6 11. Be2 h6 12. Be3 Ncd7 13. h4 Nh7 14. g5 h5 15. Qc2 Nc5 16. b4 Nd7 17. Nb3 f6 18. c5 fxg5 19. hxg5 Qe7 20. Rg1 Kh8 21. Na4 Rf7 22. Na5 Ndf8 23. a3 h4 24. Kd2 h3 25. Nc4 Kg8 26. cxd6 cxd6 27. Ncb6 Rb8 28. Nxc8 Qd8 29. Ncb6 Rc7 30. Qb2 Qe7 31. Rac1 Rxc1 32. Qxc1 Nd7 33. Qc7 Rd8 34. Nxd7 Rxd7 35. Qc8+ Kf7 36. Rg3 h2 37. Bf3 Nf6 38. gxf6 Bxf6 39. Rh3 1-0

[Event "Struga Youth op-A 2nd"]
[Site "Struga"]
[Date "2021.09.08"]
[Round "1"]
[White "Jovanovski, Teodor"]
[Black "Jovanoski, Aleksandar"]
[Result "1-0"]
[WhiteElo "1681"]
[BlackElo "1302"]
[PlyCount "53"]
[EventDate "2021.09.08"]
[EventType "swiss"]
[EventRounds "7"]
[EventCountry "MKD"]
[SourceTitle "CBM 204 Extra"]
[Source "ChessBase"]
[SourceDate "2021.11.30"]
[SourceVersion "1"]
[SourceVersionDate "2021.11.30"]
[SourceQuality "1"]

1. d4 d5 2. c4 c6 3. cxd5 cxd5 4. Nc3 e6 5. Bf4 Bd6 6. Bxd6 Qxd6 7. e3 a6 8. Bd3 Nf6 9. f4 b5 10. Rc1 Bb7 11. Nf3 Nbd7 12. 0-0 Rc8 13. Ne5 Qb4 14. Qe2 h5 15. f5 Nxe5 16. dxe5 Ng4 17. fxe6 fxe6 18. Bg6+ Kd8 19. Bxh5 Rxh5 20. Rf4 Qe7 21. Qxg4 Rg5 22. Qf3 Ke8 23. Rf1 Rf5 24. Rxf5 exf5 25. Qxf5 Rd8 26. Qg6+ Kd7 27. Rf7 1-0

[Event "FRM-ch op"]
[Site "Struga"]
[Date "2021.07.26"]
[Round "4"]
[White "Jovanovski, Teodor"]
[Black "Kalin, Andrei"]
[Result "1-0"]
[WhiteElo "1480"]
[BlackElo "1369"]
[PlyCount "75"]
[EventDate "2021.07.24"]
[EventType "swiss"]
[EventRounds "9"]
[EventCountry "MKD"]
[SourceTitle "CBM 203 Extra"]
[Source "ChessBase"]
[SourceDate "2021.09.30"]
[SourceVersion "1"]
[SourceVersionDate "2021.09.30"]
[SourceQuality "1"]

1. d4 d5 2. c4 e6 3. Nc3 Nf6 4. cxd5 exd5 5. Bg5 Be7 6. e3 c6 7. Qc2 0-0 8. Bd3 Nbd7 9. Nf3 Re8 10. h3 Nf8 11. Bf4 Be6 12. 0-0 Ng6 13. Bh2 Qc8 14. Rab1 Bxh3 15. Bxg6 hxg6 16. gxh3 Qxh3 17. Ne5 Bd6 18. f3 Bxe5 19. Bxe5 Nd7 20. Bf4 g5 21. Bxg5 f6 22. Bf4 g5 23. Qg6+ Kf8 24. Bd6+ Re7 25. Bxe7+ Kxe7 26. Qc2 Rh8 27. Qg2 Qf5 28. e4 Qf4 29. exd5 Qxd4+ 30. Rf2 cxd5 31. Rd1 Qc4 32. Nxd5+ Kf7 33. Qg4 Qxa2 34. Qxd7+ Kg6 35. Ne7+ Kg7 36. Nf5+ Kg6 37. Ng3 Qb3 38. Qf5+ 1-0

[Event "FRM-ch op"]
[Site "Struga"]
[Date "2021.07.24"]
[Round "1"]
[White "Glavinac, Goran"]
[Black "Jovanovski, Teodor"]
[Result "1-0"]
[WhiteElo "2114"]
[BlackElo "1480"]
[PlyCount "51"]
[EventDate "2021.07.24"]
[EventType "swiss"]
[EventRounds "9"]
[EventCountry "MKD"]
[SourceTitle "CBM 203 Extra"]
[Source "ChessBase"]
[SourceDate "2021.09.30"]
[SourceVersion "1"]
[SourceVersionDate "2021.09.30"]
[SourceQuality "1"]

1. Nf3 Nf6 2. g3 e6 3. Bg2 d5 4. d4 b5 5. 0-0 c5 6. a4 b4 7. c3 Nbd7 8. Bf4 Be7 9. dxc5 Bxc5 10. cxb4 Bxb4 11. Na3 Ba6 12. Nc2 Be7 13. b4 Ne4 14. b5 Bb7 15. Ncd4 Bf6 16. Nc6 Bxc6 17. bxc6 Nb6 18. Rc1 Nc3 19. Qd3 Ncxa4 20. Ne5 g5 21. c7 Qc8 22. Ng4 gxf4 23. Nxf6+ Ke7 24. Nh5 a5 25. Qa3+ Ke8 26. Nf6# 1-0

[Event "FRM-ch U16"]
[Site "Struga"]
[Date "2021.06.27"]
[Round "6"]
[White "Jovanovski, Teodor"]
[Black "Xheladini, Valton"]
[Result "0-1"]
[WhiteElo "1597"]
[BlackElo "1410"]
[PlyCount "42"]
[EventDate "2021.06.22"]
[EventType "swiss"]
[EventRounds "7"]
[EventCountry "MKD"]
[SourceTitle "EXT 2022"]
[Source "ChessBase"]
[SourceDate "2021.10.06"]
[SourceVersion "1"]
[SourceVersionDate "2021.10.06"]
[SourceQuality "1"]

1. d4 Nf6 2. c4 g6 3. Nc3 d5 4. cxd5 Nxd5 5. e4 Nxc3 6. bxc3 Bg7 7. Be3 c5 8. Qd2 Nc6 9. Nf3 Bg4 10. d5 Qa5 11. dxc6 Bxc3 12. cxb7 Rd8 13. b8Q Rxb8 14. Ne5 Rd8 15. Nc4 Bxd2+ 16. Bxd2 Qa4 17. Ne3 Be6 18. Bc3 0-0 19. h4 Qa3 20. Be5 f6 21. Nc2 Qa5+ 0-1

[Event "FRM-ch U16"]
[Site "Struga"]
[Date "2021.06.25"]
[Round "4"]
[White "Mateski, Julian"]
[Black "Jovanovski, Teodor"]
[Result "1/2-1/2"]
[WhiteElo "1298"]
[BlackElo "1597"]
[PlyCount "140"]
[EventDate "2021.06.22"]
[EventType "swiss"]
[EventRounds "7"]
[EventCountry "MKD"]
[SourceTitle "EXT 2022"]
[Source "ChessBase"]
[SourceDate "2021.10.06"]
[SourceVersion "1"]
[SourceVersionDate "2021.10.06"]
[SourceQuality "1"]

1. d4 e6 2. Nf3 Nf6 3. e3 b6 4. c4 Bb4+ 5. Bd2 Be7 6. Nc3 Bb7 7. Bd3 0-0 8. Qc2 c5 9. Ne2 cxd4 10. Nexd4 d6 11. Ne2 Nbd7 12. Rc1 Nc5 13. Ng3 Nxd3+ 14. Qxd3 d5 15. cxd5 Qxd5 16. Qxd5 Bxd5 17. a3 a5 18. 0-0 Rfc8 19. Rfe1 Ne4 20. Nxe4 Bxe4 21. Bc3 f6 22. Red1 Kf7 23. h3 e5 24. Nd2 Bd3 25. e4 b5 26. b4 axb4 27. Bxb4 Rxc1 28. Rxc1 Bxb4 29. axb4 Ra2 30. Nf3 Bxe4 31. Rc7+ Kg6 32. Nh4+ Kh6 33. Rc5 Bd3 34. Rd5 Bc4 35. Rd7 g6 36. Rd6 Kg7 37. Rd7+ Kg8 38. Rd8+ Kg7 39. Rd7+ Kg8 40. Rd8+ Kf7 41. Rd7+ Ke6 42. Rxh7 Rb2 43. Nxg6 Rxb4 44. h4 Rb1+ 45. Kh2 b4 46. h5 b3 47. h6 Bd3 48. Re7+ Kd6 49. h7 Bxg6 50. h8Q Kxe7 51. Qb8 Bc2 52. Qc7+ Ke6 53. Qc6+ Ke7 54. Qc7+ Ke6 55. Qc6+ Kf7 56. Qd7+ Kf8 57. Qd6+ Kf7 58. Qd7+ Kg6 59. Qg4+ Kh6 60. Qh4+ Kg7 61. Qg4+ Bg6 62. Qd7+ Kh6 63. Qh3+ Kg7 64. Qd7+ Bf7 65. Qg4+ Kf8 66. Qc8+ Be8 67. Qe6 b2 68. Qxf6+ Kg8 69. Qe6+ Bf7 70. Qg4+ Kh7 1/2-1/2

[Event "Skopje op"]
[Site "Skopje"]
[Date "2019.12.09"]
[Round "5"]
[White "Jovanovski, Teodor"]
[Black "Slavkovic, Uros"]
[Result "0-1"]
[WhiteElo "1222"]
[BlackElo "1794"]
[PlyCount "80"]
[EventDate "2019.12.06"]
[EventType "swiss"]
[EventRounds "9"]
[EventCountry "MKD"]
[SourceTitle "CBM 193 Extra"]
[Source "ChessBase"]
[SourceDate "2020.01.31"]
[SourceVersion "1"]
[SourceVersionDate "2020.01.31"]
[SourceQuality "1"]

1. d4 Nf6 2. c4 g6 3. Nc3 Bg7 4. e4 d6 5. h3 0-0 6. Nf3 e5 7. d5 a5 8. Be2 Na6 9. Bg5 h6 10. Be3 Nd7 11. g4 Ndc5 12. Rg1 Kh7 13. h4 f5 14. exf5 gxf5 15. g5 e4 16. Nd2 Bxc3 17. bxc3 f4 18. Bd4 Qe7 19. Nb3 e3 20. f3 Bf5 21. Bf6 Rxf6 22. gxf6 Qxf6 23. Qd4 Qxh4+ 24. Kd1 Rg8 25. Re1 Nxb3 26. axb3 Nc5 27. Ra3 Bc2+ 28. Kxc2 Qxe1 29. Bd3+ Nxd3 30. Qxd3+ Rg6 31. Rxa5 Kg7 32. Qd4+ Kh7 33. Qd3 Qf2+ 34. Kd1 Qxf3+ 35. Kc1 Qh1+ 36. Kb2 e2 37. Qf5 Qg2 38. Qf7+ Rg7 39. Qf5+ Qg6 40. Qxg6+ Rxg6 0-1